000 00485nam a22001931a 4500
001 1326
003 OSt
005 20260204211729.0
008 040119s2001||||dr ||||||b||||||||||spa||
050 _aRD 616.96 Z192l
082 _aRD616.96 Z192l
100 _aTaule, Josefina
245 _aLaboratorio de parasitología / Josefina Taule
264 _aSanto Domingo : UNIBE
300 _a150 p.
500 _aIncluye bibliografía.
650 _a1.ParasitologíaÌ
942 _2ddc
_cBK
999 _c1326
_d1326